| 000 | 00637nam a2200217Ia 4500 | ||
|---|---|---|---|
| 005 | 20241129104205.0 | ||
| 008 | 241129s9999||||xx |||||||||||||| ||und|| | ||
| 020 | _a9780195177060 | ||
| 037 | _aTextual | ||
| 040 |
_aRTL _beng _cRTL |
||
| 041 |
_aeng _2eng |
||
| 084 |
_aY15-73(Q2) P7 _qRTL |
||
| 100 |
_aPintchman Tracy _9436752 |
||
| 245 | 0 |
_aWomen's lives women's rituals in the Hindu tradition _cPintchman Tracy |
|
| 260 |
_aNew York _bOxford University Press _c2007 |
||
| 300 | _axv,208p. | ||
| 365 |
_aINR _b3505.86 |
||
| 650 | _aGender Studies | ||
| 942 |
_cTB _hY15-73(Q2) P7 |
||
| 999 |
_c1224808 _d1224808 |
||